000
00295nam a2200109Ia 4500
008
220120s9999||||xx |||||||||||||| ||und||
100
_a
Hsu, Hwei, P
_9
3400
245
0
_a
Signals and sy ems
260
_a
Tata mcgraw hill company Ltd.
_b
New Delhi
_c
2006
300
_a
569p.
_b
0
650
_a
HUMANITIES
999
_c
132419
_d
132419